000 00821nam a2200253 a 4500
001 000026050
005 20200930024247.0
008 110225s1974 caua r 000 0 spa d
040 _aDO-SdBNP
_bspa
_cBNPHU
082 _a302.2223
_bL673a, 1974
100 1 _aLewis, Ralph M.
_941888
240 1 3 _aLa Behold the sign.
_lEspañol
245 1 4 _aLos antiguos símbolos sagrados /
_cRalph M Lewis.
250 _a5a ed.
260 _aSan José, (California, Estados Unidos) :
_bGran Logia Suprema de Amorc,
_c1974.
300 _a111, [1] p. :
_bil.
_a20 cm.
490 1 _aBiblioteca Rosacruz.
534 _aTítulo original:
_tLa Behold the sign
650 4 _aSimbolismo
_915598
650 4 _aImagenes e idolos
_927649
650 4 _aSimbolos religiosos
_952992
830 0 _aBiblioteca Rosacruz.
_940635
049 _aBNPHU
999 _c25542
_d25542